| Tag |
First Indicator |
Second Indicator |
Subfields |
| LEADER |
00000cam a2200000 4500 |
| 001 |
in00000032481 |
| 005 |
20151007061755.0 |
| 008 |
760224s1956 nyuab 00000 eng |
| 010 |
|
|
|a 57001477
|
| 035 |
|
|
|a (OCoLC)02009858
|
| 035 |
|
|
|9 AAD3028AM
|
| 040 |
|
|
|a DLC
|c CSU
|d TXA
|d UtOrBLW
|
| 049 |
|
|
|a TXAM
|c [294353]
|
| 050 |
|
0 |
|a TH425
|b .A63 1956
|
| 082 |
0 |
|
|a 692.9
|
| 092 |
|
|
|a 692.9
|b A512a
|
| 110 |
2 |
|
|a American Standards Association.
|
| 245 |
1 |
0 |
|a American standard building code requirements for minimum design loads in buildings and other structures.
|
| 250 |
|
|
|a [Rev.]
|b Sponsor: National Bureau of Standards. Approved September 30, 1955.
|
| 264 |
|
1 |
|a [New York],
|b [publisher not identified] ;
|c [1956]
|
| 300 |
|
|
|a 29p :
|b illustrations,maps. ;
|c 28cm.
|
| 336 |
|
|
|a text
|b txt
|2 rdacontent
|
| 337 |
|
|
|a unmediated
|b n
|2 rdamedia
|
| 338 |
|
|
|a volume
|b nc
|2 rdacarrier
|
| 500 |
|
|
|a At head of title: ASA A58.1-1955.
|
| 650 |
|
0 |
|a Standards, Engineering.
|
| 650 |
|
0 |
|a Buildings
|v Specifications
|z United States.
|
| 650 |
|
0 |
|a Building construction contracts
|z United States.
|
| 740 |
0 |
|
|a Minimum design loads in buildings and other structures.
|
| 999 |
|
|
|a MARS
|
| 999 |
f |
f |
|s 49d05d6a-fa44-3194-b14a-c76f3e58ebb8
|i 3c52e014-aabd-3d0e-b0e6-da0ad216c314
|t 0
|
| 952 |
f |
f |
|p ric
|a Texas A&M University
|b Rellis Campus
|c Joint Library Facility
|d Remote Storage
|t 0
|e TH425 .A63 1956
|h Library of Congress classification
|i unmediated -- volume
|m A14801139312
|
| 998 |
f |
f |
|a TH425 .A63 1956
|t 0
|l Remote Storage
|